عرض عادي
عرض مارك
- شاهين، شريف كامل،
مدخل إسم شخص
001 - رقم الضبط
- حقل الضبط: 108125
003 - معرف رقم الضبط
- حقل الضبط: OSt
005 - تاريخ ووقت أخر عملية
- حقل الضبط: 20221016090334.0
008 - عناصر بيانات ثابتة الطول
- حقل تحكم ثابت الطول: 221016|| aca||aabn | a|a d
040 ## - مصدر الفهرسة
- هيئة الفهرسة الأصلية: OSt
- وكالة الكتابة: OSt
100 ## - مدخل -- أسم شخص
- إسم شخص: شاهين، شريف كامل،
- تواريخ مرتبطة بالاسم: 1961-
670 ## - بيانات المصدر موجوده
- الاستشهاد بالمصدر: Work cat.: (OSt): شاهين، شريف كامل، 1961-, النشر التقليدي والإلكتروني في العالم العربي /
